Pays Modernes du Premier Empire Français sur une Carte - Statistiques

Statistiques générales
  • Ce quiz a été pris 71 fois
  • Le résultat moyen est 13 sur 14
Réponses sur la Carte
Les réponses sont colorées sur une échelle allant du rouge au vert en fonction du pourcentage des utilisateurs qui les ont devinées à leur premier essai. Vous pouvez retrouver ces pourcentages ci-dessous.
 
Statistiques - réponses
Pays % Correct
Belgique
100%
France
100%
Espagne
98%
Italie
98%
Allemagne
97%
Pays-Bas
97%
Suisse
97%
Croatie
95%
Luxembourg
95%
Monaco
94%
Vatican
92%
Slovénie
89%
Autriche
86%
Monténégro
72%
Aucun quiz correspondant
Distribution des résultats
% des personnes avec chaque résultat
Percentile par nombre de réponses
Votre historique - résultats
Vous n’avez pas pris ce quiz